Pokémon with the Least Moves - Statistics

General Stats
  • This quiz has been taken 31 times
  • The average score is 21 of 33
Answer Stats
Possible Moves Answer % Correct
Teleport Abra
96%
Harden Metapod
96%
Harden Kakuna
93%
Flail, Splash, Tackle Magikarp
93%
Sketch Smeargle
93%
Splash, Teleport Cosmog
85%
Present, Drill Peck Delibird
85%
Transform Ditto
85%
Powder Snow, Struggle Bug Snom
85%
String Shot, Tackle, Bug Bite Caterpie
81%
Harden Silcoon
81%
Harden Cascoon
78%
Cosmic Power, Teleport Cosmoem
78%
Hidden Power Unown
78%
Take Down Beldum
70%
Flail, Splash, Tackle Feebas
70%
Harden, Protect Spewpa
70%
Tackle, String Shot, Stun Spore, Bug Bite Scatterbug
63%
Tackle, String Shot, Poison Sting, Bug Bite Wurmple
59%
Struggle Bug Blipbug
56%
Growl, Bide, Struggle Bug, Bug Bite Kricketot
56%
Confusion, Light Screen, Reflect, Struggle Bug Dottler
52%
Leer, Lick, Fury Swipes, Scald Simipour
52%
Leer, Lick, Fury Swipes, Seed Bomb Simisage
48%
Leer, Lick, Fury Swipes, Flame Burst Simisear
48%
Protect, Tackle, Bug Bite, Hidden Power Burmy
44%
Sweet Scent, Gust, Bug Bite, Bug Buzz Combee
44%
Tackle, Spark, Charge Beam, Thunder Wave Tynamo
37%
Fake Out, Attract, Sing, Double Slap Delcatty
30%
Defense Curl, Sand Attack, Struggle Bug Wimpod
30%
Astonish, Withdraw Applin
26%
Fake Out, Focus Energy, Helping Hand, Tackle Tyrogue
26%
Astonish, Bite, Infestation, Quick Attack Dreepy
19%
No matching quizzes found
Score Distribution
Percent of People with Each Score
Percentile by Number Answered
Your Score History
You have not taken this quiz